The Science of clothing comfort : (Record no. 141750)

MARC details
000 -LEADER
fixed length control field 00935nam a2200289 a 4500
008 - FIXED-LENGTH DATA ELEMENTS--GENERAL INFORMATION
fixed length control field
022 ## - INTERNATIONAL STANDARD SERIAL NUMBER
International Standard Serial Number 1870372247 (pbk.)
049 ## - LOCAL HOLDINGS (OCLC)
Holding library MAIN
090 ## - LOCALLY ASSIGNED LC-TYPE CALL NUMBER (OCLC); LOCAL CALL NUMBER (RLIN)
Classification number (OCLC) (R) ; Classification number, CALL (RLIN) (NR) TS1300
Local cutter number (OCLC) ; Book number/undivided call number, CALL (RLIN) LI
003 - CONTROL NUMBER IDENTIFIER
control field
005 - DATE AND TIME OF LATEST TRANSACTION
control field 20230123125442.0
040 ## - CATALOGING SOURCE
Transcribing agency NUST
100 ## - MAIN ENTRY--PERSONAL NAME
Personal name Li, Y.
245 #4 - TITLE STATEMENT
Title The Science of clothing comfort :
Remainder of title a critical appreciation of recent developments /
Statement of responsibility, etc. Y. Li.
260 ## - PUBLICATION, DISTRIBUTION, ETC.
Place of publication, distribution, etc. Manchester :
Name of publisher, distributor, etc. The Institute
260 ## - PUBLICATION, DISTRIBUTION, ETC.
Place of publication, distribution, etc. Oxford :
Name of publisher, distributor, etc. The Textile Institute,
Date of publication, distribution, etc. 2001.
300 ## - PHYSICAL DESCRIPTION
Extent 138 p. :
Other physical details ill. ;
Dimensions 25 cm.
321 ## - FORMER PUBLICATION FREQUENCY
Former publication frequency Quarterly,
Dates of former publication frequency 1969-
362 1# - DATES OF PUBLICATION AND/OR SEQUENTIAL DESIGNATION
Dates of publication and/or sequential designation Began with: Vol. 1, no. 1 (Mar. 1969).
440 ## - SERIES STATEMENT/ADDED ENTRY--TITLE
Title Textile progress, v. 31, no. 1/2, 2001.
650 #0 - SUBJECT ADDED ENTRY--TOPICAL TERM
Topical term or geographic name entry element Textile industry
Form subdivision Periodicals.
650 #0 - SUBJECT ADDED ENTRY--TOPICAL TERM
Topical term or geographic name entry element Textile fabrics
Form subdivision Periodicals.
700 ## - ADDED ENTRY--PERSONAL NAME
Personal name Layton, J.M.
710 2# - ADDED ENTRY--CORPORATE NAME
Corporate name or jurisdiction name as entry element Textile Institute (Manchester, England)
907 ## - LOCAL DATA ELEMENT G, LDG (RLIN)
a .b10211032
b 29-08-12
c 21-08-06
942 ## - ADDED ENTRY ELEMENTS (KOHA)
Koha item type Ordinary Loan Books
Call number prefix TS1300
Call number suffix LI
Holdings
Date last seen Total Checkouts Full call number Barcode Cost, replacement price Price effective from Koha item type Lost status Source of classification or shelving scheme Damaged status Not for loan Collection Withdrawn status Home library Current library Shelving location Date acquired Cost, normal purchase price
01/23/2023   TS1300 LI 92004009013 80.00 01/23/2023 BOOKS   LCC     NFIC   MAIN MAIN GEN 01/23/2023 80.00